[Event "Valencia-chT Honor"]
[Site "Valencia"]
[Date "2009.02.07"]
[Round "5.5"]
[White "Reig Munoz, Jose Enrique"]
[Black "Quinonero Simon, Jose B"]
[Result "1/2-1/2"]
[WhiteElo "2063"]
[BlackElo "2207"]
[PlyCount "30"]
[EventDate "2009.01.10"]
[EventType "team"]
[EventRounds "5"]
[EventCountry "ESP"]
[SourceTitle "EXT 2010"]
[Source "ChessBase"]
[SourceDate "2010.11.25"]
[SourceVersion "1"]
[SourceVersionDate "2010.11.25"]
[SourceQuality "1"]
[WhiteTeam "Oliva"]
[BlackTeam "Burjassot"]
[WhiteTeamCountry "ESP"]
[BlackTeamCountry "ESP"]

1. c4 e5 2. Nc3 Nc6 3. g3 g6 4. Bg2 Bg7 5. Nf3 d6 6. d3 Nge7 7. 0-0 0-0 8. Ne1 Be6 9. Nd5 Nd4 10. e3 Ndc6 11. Rb1 Qd7 12. Nc2 Nd8 13. d4 Nec6 14. b4 exd4 15. exd4 Bf5 1/2-1/2

[Event "Cullera op-A"]
[Site "Cullera"]
[Date "2006.07.27"]
[Round "8"]
[White "Reig Munoz, Jose Enrique"]
[Black "Aymerich Rosell, Pablo"]
[Result "0-1"]
[WhiteElo "2033"]
[BlackElo "2185"]
[PlyCount "82"]
[EventDate "2006.07.20"]
[EventType "swiss"]
[EventRounds "9"]
[EventCountry "ESP"]
[SourceTitle "EXT 2007"]
[Source "ChessBase"]
[SourceDate "2006.11.23"]
[SourceVersion "1"]
[SourceVersionDate "2006.11.23"]
[SourceQuality "1"]

1. c4 Nf6 2. Nc3 g6 3. g3 Bg7 4. Bg2 0-0 5. Nf3 d6 6. d3 e5 7. 0-0 c6 8. e4 a5 9. Ne1 Ne8 10. Nc2 f5 11. f4 exf4 12. gxf4 Nf6 13. Kh1 Ng4 14. Ne3 h5 15. Qe1 Na6 16. h3 Nh6 17. Qg3 Kh7 18. Bf3 Bf6 19. Rg1 Rg8 20. d4 Bxd4 21. Rd1 Qf6 22. Ne2 Bc5 23. Bd2 Qe7 24. Qg5 Qxg5 25. fxg5 fxe4 26. Bxe4 Nf7 27. Ng2 Bxh3 28. Nh4 Rae8 29. Ng3 Bf2 30. Nxh5 Rxe4 31. Nf6+ Kg7 32. Nxe4 Bxh4 33. Bc3+ Kf8 34. Nf6 Rh8 35. Nd7+ Bxd7 36. Bxh8 Nxh8 37. Rxd6 Nc5 38. Rg1 Ke7 39. Rd2 Nf7 40. Rh2 Bxg5 41. Rh7 Ne6 0-1

[Event "Cullera op-A"]
[Site "Cullera"]
[Date "2006.07.24"]
[Round "3"]
[White "Huerga Leache, Mikel"]
[Black "Reig Munoz, Jose Enrique"]
[Result "0-1"]
[WhiteElo "2310"]
[BlackElo "2033"]
[PlyCount "90"]
[EventDate "2006.07.20"]
[EventType "swiss"]
[EventRounds "9"]
[EventCountry "ESP"]
[SourceTitle "EXT 2007"]
[Source "ChessBase"]
[SourceDate "2006.11.23"]
[SourceVersion "1"]
[SourceVersionDate "2006.11.23"]
[SourceQuality "1"]

1. e4 c5 2. Nf3 d6 3. d4 cxd4 4. Nxd4 Nf6 5. Nc3 a6 6. Be3 e6 7. f3 b5 8. a4 bxa4 9. Nxa4 Qc7 10. Qd2 Nbd7 11. Nc3 Bb7 12. Nb3 Nb6 13. Na5 Bc8 14. Be2 Be7 15. 0-0 0-0 16. Kh1 Rd8 17. Na4 Nxa4 18. Rxa4 d5 19. e5 Nd7 20. Bd4 Nc5 21. Qc3 Bd7 22. Ra2 Rdc8 23. Rfa1 Qb8 24. Qd2 Bb5 25. Bxb5 Qxb5 26. Re1 Bh4 27. g3 Bd8 28. Bxc5 Qxc5 29. Re2 Bb6 30. Ra1 Qb5 31. Nb3 a5 32. Qd3 Qxd3 33. cxd3 a4 34. Nc1 Bd4 35. Kg2 a3 36. Nb3 axb2 37. Rb1 Bc3 38. Rc2 d4 39. Nd2 Rcb8 40. Kf2 f5 41. exf6 Ra1 42. fxg7 Bxd2 43. Rbxb2 Be3+ 44. Ke2 Rxb2 45. Rxb2 Kxg7 0-1

[Event "Valencia Autonomico North"]
[Site "Valencia"]
[Date "2004.01.24"]
[Round "2.2"]
[White "Garrido Olivares, Ricard"]
[Black "Reig Munoz, Jose Enrique"]
[Result "0-1"]
[WhiteElo "2112"]
[BlackElo "2078"]
[PlyCount "74"]
[EventDate "2004.01.17"]
[EventType "team"]
[EventRounds "5"]
[EventCountry "ESP"]
[SourceTitle "CBM 098 Extra"]
[Source "ChessBase"]
[SourceDate "2004.03.10"]
[SourceVersion "2"]
[SourceVersionDate "2004.03.10"]
[SourceQuality "1"]

1. c4 c5 2. Nf3 Nf6 3. d4 cxd4 4. Nxd4 b6 5. f3 Bb7 6. e4 d6 7. Nc3 e6 8. Be2 Be7 9. 0-0 0-0 10. Be3 a6 11. Qd2 Nbd7 12. Rfd1 Qc7 13. Rac1 Rac8 14. Bf1 Qb8 15. Qf2 Rfe8 16. a3 Bd8 17. b4 Bc7 18. g3 Ne5 19. Be2 Qa8 20. g4 d5 21. exd5 exd5 22. g5 Nfd7 23. cxd5 b5 24. Nb3 Nc4 25. Bxc4 bxc4 26. Nc5 Ne5 27. d6 Nxf3+ 28. Kf1 Nxh2+ 29. Qxh2 Rxe3 30. dxc7 Bh1 31. Rd8+ Rxd8 32. cxd8Q+ Qxd8 33. Qxh1 h6 34. Qd5 Qc7 35. g6 Qf4+ 36. Kg1 Rg3+ 37. Qg2 Qxc1+ 0-1